La música en la corte de los Reyes Católicos (Record no. 113013)

MARC details
000 -LEADER
campo de control de longitud fija 00625nam a2200169 4500
001 - NÚMERO DE CONTROL
campo de control 113013
003 - IDENTIFICADOR DE NÚMERO DE CONTROL
campo de control ES-MaACL
005 - FECHA Y HORA DE LA ÚLTIMA TRANSACCIÓN
campo de control 20230906185727.0
007 - CAMPO FIJO DE DESCRIPCIÓN FÍSICA--INFORMACIÓN GENERAL
campo de control de longitud fija t|
008 - DATOS DE LONGITUD FIJA--INFORMACIÓN GENERAL
campo de control de longitud fija 061121s1965 sp r ||||1| spa d
245 03 - MENCIÓN DEL TÍTULO
Título La música en la corte de los Reyes Católicos
Resto del título : cancionero musical de palacio (siglos XV-XVI) /
Mención de responsabilidad, etc. edición critica de los textos por José Romeu Figueras.
260 ## - PUBLICACIÓN, DISTRIBUCIÓN, ETC.
Lugar de publicación, distribución, etc. Barcelona :
Nombre del editor, distribuidor, etc. Instituto Español de Musicoogía,
Fecha de publicación, distribución, etc. 1965.
300 ## - DESCRIPCIÓN FÍSICA
Extensión 2 v. ;
Dimensiones 32 cm.
700 1# - ENTRADA AGREGADA--NOMBRE PERSONAL
Nombre de persona Romeu i Figueras, Josep.
9 (RLIN) 99462
710 2# - ENTRADA AGREGADA--NOMBRE DE ENTIDAD CORPORATIVA
Nombre de entidad corporativa o nombre de jurisdicción como elemento de entrada Instituto Español de Musicología.
9 (RLIN) 5046
852 ## - LOCALIZACIÓN
Ubicación ES-MaACL
Número de control de estantería C-29028-9
Sublocalización o colección R.60479
Holdings
Estatus retirado Estado de pérdida Estado de daño No para préstamo Biblioteca de origen Biblioteca actual Ubicación en estantería Fecha de adquisición Fuente de adquisición Total de préstamos Signatura topográfica completa Código de barras Visto por última vez Precio de reemplazo Tipo de ítem Koha
        Biblioteca del Ateneo de Madrid Biblioteca del Ateneo de Madrid Depósito 2 17/01/2008     C-29028-9 1117881 23/02/2023 23/02/2023 Libro impreso